| 000 | 01225 am a2200349 a 4500 | ||
|---|---|---|---|
| 005 | 20240215131106.0 | ||
| 008 | 100806s2001||||sp d f |||| 001 0 spa d | ||
| 020 | _a8481745111 | ||
| 041 | _aspa | ||
| 092 |
_c616 _l51 _sMED |
||
| 245 |
_aMedicina basada en la evidencia. _bCómo practicar y enseñar la MBE / _cDavid L. Sackett |
||
| 250 |
_a2a ed. en español de la 2a ed. de la obra original en inglés _bRevisión Ricard Cervera |
||
| 260 |
_aMadrid: _bHarcourt ; Churchill Livingstone; _c2001. |
||
| 300 | _a253 p. | ||
| 500 | _aSackett, D. et al. (2001). Medicina basada en la evidencia. Cómo practicar y enseñar la MBE. (2a ed.). Madrid : Harcourt. | ||
| 653 | _aFormulando preguntas clínicas contestables | ||
| 653 | _aCómo encontrar la mejor evidencia actual | ||
| 653 | _aDiagnóstico y cribado | ||
| 653 | _aPronóstico | ||
| 653 | _aTratamiento | ||
| 653 | _aDaño | ||
| 653 | _aDirectrices | ||
| 653 | _aMétodo de enseñanza | ||
| 653 | _aEvaluación | ||
| 700 | 1 |
_aSackett, David L. _9923 |
|
| 700 | 1 |
_aStraus, Sharon E. _9924 |
|
| 700 | 1 |
_aRichardson, W. Scott. _9925 |
|
| 700 | 1 |
_aRosemberg, William. _9926 |
|
| 700 | 1 |
_aHaynes, R. Brian. _9927 |
|
| 930 | _a1112 | ||
| 942 |
_2ddc _cBK |
||
| 999 |
_c567 _d567 |
||